000 01078nam a2200277 i 4500
001 36529
003 ES-MaACL
005 20250902063051.0
007 t|
008 030218s1889 sp ||||1| spa d
080 _a323.174
080 _a323.174(460.11)
100 1 _aBrañas, Alfredo,
_d1859-1900
_931373
245 1 3 _aEl regionalismo :
_bestudio sociólogo, histórico y literario /
_cpor Alfredo Brañas ; precedido de un prólogo escrito por Juan Barcia Caballero.
260 _aBarcelona :
_bJaime Molinas,
_c1889 (
_fTip. de J. Sebastiá Vila)
300 _a359 p. ;
_c20 cm.
505 8 _aContiene: La teoría regionalista ; Proceso histórico del regionalismo ; El regionalismo gallego
530 _aDisponible en formato digital.
650 4 _aRegionalismo.
_916746
650 4 _aRegionalismo-
_zGalicia.
_916753
700 1 _aBarcía Caballero, Juan.
_925544
852 _aES-MaACL
_jG-8957
852 _aES-MaACL
_jD-605
856 _uhttp://bdh-rd.bne.es/viewer.vm?id=0000057062&page=1
_zBiblioteca Digital Hispánica
999 _c36529
_d36529